Statistics for Top 10 Richest People in the World

Click here to take the quiz!

General Stats

  • This quiz has been taken 764 times
  • The average score is 2 of 10

Answer Stats

NationalityAnswerNet Worth% Correct
USABill Gates$67 B
98%
MexicoCarlos Slim$73 B
33%
USAWarren Buffett$53.5 B
24%
SpainAmancio Ortega$57 B
17%
FranceBernard Arnault$29 B
14%
USALarry Ellison$43 B
11%
USACharles Koch$34 B
10%
USADavid Koch$34 B
10%
Hong KongLi Ka-Shing$31 B
8%
FranceLiliane Bettencourt$30 B
6%

Score Distribution

Percentile by Number Answered

Percent of People with Each Score

Your Score History

You have not taken this quiz